000
00283nam a2200121Ia 4500
008
191201s2019 xx 000 0 und d
100
_a
NSE INDIA
245
0
_a
Securities Market (Basic) Module
260
_a
N. Delhi
_b
NSE (NCFM)
300
_a
214
650
_a
NCFM
942
_2
ddc
_c
BK
999
_c
6665
_d
6665